|
|
|
|
| LEADER |
00000nam a2200000Ii 4500 |
| 001 |
DIGANAGRA0410 |
| 003 |
NyNyDIG |
| 006 |
m o d |
| 007 |
cr ||||||||||| |
| 008 |
210816s2016 sp o 000 j spa d |
| 035 |
|
|
|a (OCoLC)1282641426
|
| 040 |
|
|
|a DGITA
|b eng
|e rda
|e pn
|c DGITA
|
| 020 |
|
|
|a 9788433928153
|q eBook
|q ePub
|
| 020 |
|
|
|z 9788433959539
|
| 041 |
1 |
|
|a spa
|h eng
|
| 050 |
1 |
4 |
|a PS3553.A7894 ebook
|
| 082 |
0 |
4 |
|a 813.54
|
| 100 |
1 |
|
|a Carver, Raymond,
|d 1938-1988,
|e author.
|
| 240 |
1 |
0 |
|a Short stories.
|l Spanish
|s (Zulaika Goicoechea and Gómez Ibáñez)
|
| 245 |
1 |
0 |
|a Todos los cuentos /
|c Raymond Carver ; traducción de Jesús Zulaika, Benito Gómez Ibáñez
|
| 250 |
|
|
|a Edición en formato digital.
|
| 264 |
|
1 |
|a Barcelona :
|b Editorial Anagrama,
|c [2016]
|
| 300 |
|
|
|a 1 online resource.
|
| 336 |
|
|
|a text
|b txt
|2 rdacontent
|
| 337 |
|
|
|a computer
|b c
|2 rdamedia
|
| 338 |
|
|
|a online resource
|b cr
|2 rdacarrier
|
| 347 |
|
|
|a text file
|2 rdaft
|
| 347 |
|
|
|b EPUB
|
| 490 |
1 |
|
|a Compactos
|
| 505 |
0 |
|
|a ¿Quieres hacer el favor de callarte, por favor? ; De qué hablamos cuando hablamos de amor / traducción de Jesús Zulaika -- Catedral / traducción de Benito Gómez Ibáñez -- Tres rosas amarillas / traducción de Jesús Zulaika -- Si me necesitas, llámame / traducción de Benito Gómez Ibañéz.
|
| 588 |
0 |
|
|a Online resource; title from ePub title page (Digitalia, viewed August 16, 2021)
|
| 655 |
|
7 |
|a Short stories.
|2 lcgft
|
| 655 |
|
0 |
|a Electronic books.
|
| 700 |
1 |
2 |
|a Zulaika Goicoechea, Jesús,
|e translator.
|
| 700 |
1 |
2 |
|a Gómez Ibáñez, Benito,
|e translator.
|
| 700 |
1 |
|
|i Translation of:
|a Carver, Raymond, 1938-1988.
|t Will you please be quiet, please?
|
| 700 |
1 |
|
|i Translation of:
|a Carver, Raymond, 1938-1988.
|t What we talk about when we talk about love.
|
| 700 |
1 |
|
|i Translation of:
|a Carver, Raymond, 1938-1988.
|t Cathedral.
|
| 700 |
1 |
|
|i Translation of:
|a Carver, Raymond, 1938-1988.
|t Where I'm calling from.
|
| 700 |
1 |
|
|i Translation of:
|a Carver, Raymond, 1938-1988.
|t Call if you need me.
|
| 776 |
0 |
8 |
|i Print version:
|a Carver, Raymond, 1938-1988.
|s Short stories. Spanish (Zulaika Goicoechea and Gómez Ibáñez).
|t Todos los cuentos.
|d Barcelona : Editorial Anagrama, 2016
|z 9788433959539
|w (OCoLC)1121483950
|
| 791 |
2 |
|
|a Digitalia (Firm),
|e distributor.
|
| 793 |
0 |
|
|g Digitalia eBook Collection:
|a Anagrama
|
| 830 |
|
0 |
|a Compendium (Editorial Anagrama) ;
|v 6.
|
| 856 |
4 |
0 |
|3 Digitalia Hispánica
|u https://www.digitaliapublishing.com/a/42272/
|
| 910 |
|
|
|a Premium Collection: 2021
|